Diseño de sistemas de trabajo
| Main Author: | |
|---|---|
| Format: | Section = Libro |
| Language: | Undetermined Spanish |
| Published: |
México
Limusa
2000
|
| Subjects: |
| LEADER | 00652nam a2200241Ia 4500 | ||
|---|---|---|---|
| 008 | 240830s9999 xx 000 0 und d | ||
| 020 | |a 968-18-1653-6 | ||
| 040 | |a CEDOC FIQ-RUSB / 306.36 K82 | ||
| 041 | |a spa | ||
| 082 | |a 306.36 K82 | ||
| 100 | 1 | |a Konz, Stephan | |
| 245 | 1 | 0 | |a Diseño de sistemas de trabajo |
| 260 | |a México |b Limusa |c 2000 | ||
| 300 | |a 673 p. :il | ||
| 650 | 7 | |a SISTEMAS DE TRABAJO | |
| 650 | 7 | |b ANTROPOMETRIA | |
| 650 | 7 | |c FISIOLOGIA DEL TRABAJO | |
| 650 | 7 | |d DISEÑO DE INGENIERIA | |
| 650 | 7 | |e ORGANIZACION - ESTACIONES DE TRABAJO | |
| 650 | 7 | |f AMBIENTES DE TRABAJOI | |
| 942 | |c BK |2 ddc | ||
| 991 | |a TEXTO | ||
| 999 | |c 14114 | ||